000 00660nam a2200205Ia 4500
003 GCL
008 140319s9999 xx 000 0 ara d
040 _aGCL /
_cGCL
082 0 4 _a811.02
_bس ى
100 1 _aسمير عبدالباقى
245 1 0 _aيوميات تحت القصف (هدية من الاديب عبدالفتاح الجمل) /
_cسمير عبدالباقى
300 _a64 ص
490 _aقصائد مصرية
_v0
650 0 4 _aالشعر العربى
650 0 4 _aشعر الحرب
650 0 4 _aالشعر الحماسى
650 0 4 _aالشعر الوطنى
650 0 4 _aالشعر الشعبى المصرى
942 _2ddc
_cBK
999 _c38417
_d38417